Camdessus says "poison of protectionism" could aggravate slowdown.

Referát ústredného riaditeľa MMF vo Washingtone z 10.1.1991. Rozbor hlavných ekonomických problémov: dôsledky krízy na Strednom východe, prechod východnej Európy na trhovú ekonomiku, hospodárske reformy v bývalom ZSSR, zadlženosť štátov, extrémnu biedu rozvojových krajín, recesiu vo vyspelých krajin...

ver descrição completa

Na minha lista:
Detalhes bibliográficos
Autor principal: Camdessus, M.
Formato: Capítulo de Livro
Idioma:inglês
Assuntos:
Tags: Adicionar Tag
Sem tags, seja o primeiro a adicionar uma tag!

MARC

LEADER 00000naa a2200000 4500
001 r006547
005 20221213084103.1
041 0 |a eng 
044 |a US 
245 1 0 |a Camdessus says "poison of protectionism" could aggravate slowdown.  |c M. Camdessus 
520 |a Referát ústredného riaditeľa MMF vo Washingtone z 10.1.1991. Rozbor hlavných ekonomických problémov: dôsledky krízy na Strednom východe, prechod východnej Európy na trhovú ekonomiku, hospodárske reformy v bývalom ZSSR, zadlženosť štátov, extrémnu biedu rozvojových krajín, recesiu vo vyspelých krajinách a dôsledky protekcionizmu. 
610 2 0 |a hospodárstvo trhové 
610 2 0 |a reformy hospodárske 
610 2 0 |a východná Európa 
610 2 0 |a zadlženosť zahraničná 
610 2 0 |a krajiny rozvojové 
610 2 0 |a recesia 
610 2 0 |a protekcionizmus 
610 2 0 |a Medzinárodný menový fond 
610 2 0 |a 1991 
610 2 0 |a Camdessus, M. 
610 2 0 |a Washington 
100 1 |a Camdessus, M.